Gares de la ligne du Morges Bière Cossonay - Statistiques

Statistiques générales
  • Ce quiz a été pris 24 fois
  • Le résultat moyen est 15 sur 20
Statistiques - réponses
Réponse % Correct
Apples
100%
Apples
100%
L'Isle-Mont-la-Ville
89%
Vufflens-le-Château
89%
Yens
89%
La Gottaz
84%
Montricher
84%
Ballens
79%
Ballens Froideville
79%
Bussy Chardonnay
74%
Mauraz
74%
Reverolle
74%
Villars-Bozon
74%
Chigny
68%
Pampigny-Sévery
68%
Chardonnay-Château
63%
Le Marais
63%
Prélionne
63%
Le Manège
58%
Tuilerie
58%
Aucun quiz correspondant
Distribution des résultats
% des personnes avec chaque résultat
Percentile par nombre de réponses
Votre historique - résultats
Vous n’avez pas pris ce quiz